banner koha

Características produtivas, carcaça, cortes e resposta imune humoral de frangos de corte alimentados com diferentes fontes de óleo e vitamina E (Registro n. 330585)

MARC details
000 -LÍDER
fixed length control field 04183nab a2200385 i 4500
003 - CÓDIGO MARC DA AGÊNCIA CATALOGADORA
Campo de controle BR-BrBNA
005 - DATA E HORA DA ÚLTIMA ATUALIZAÇÃO
Campo de controle 20250321104636.0
008 - CAMPO DE TAMANHO FIXO
fixed length control field 250321b2017 bl.|r|pooa||| 00| 0 por |
040 ## - FONTE DA CATALOGAÇÃO
Agência catalogadora BR-BrBNA
Idioma da catalogação por
072 ## - CATEGORIA AGRIS
Código AGRIS L02
Código do objeto 6100
072 ## - CATEGORIA AGRIS
Código AGRIS L01
100 ## - ENTRADA PRINCIPAL - NOME PESSOAL
Nome pessoal Barbosa Filho, J.A.
100 ## - ENTRADA PRINCIPAL - NOME PESSOAL
Nome pessoal Soares, A.L.
100 ## - ENTRADA PRINCIPAL - NOME PESSOAL
Nome pessoal Santos, M.C.
100 ## - ENTRADA PRINCIPAL - NOME PESSOAL
Nome pessoal Venancio, E.J.
100 ## - ENTRADA PRINCIPAL - NOME PESSOAL
Nome pessoal Almeida, M.
100 ## - ENTRADA PRINCIPAL - NOME PESSOAL
Nome pessoal Bueno, F.R.
100 ## - ENTRADA PRINCIPAL - NOME PESSOAL
Nome pessoal Shimokomaki, M.
100 ## - ENTRADA PRINCIPAL - NOME PESSOAL
Nome pessoal Oba, A.
245 ## - TÍTULO PRINCIPAL
Título principal Características produtivas, carcaça, cortes e resposta imune humoral de frangos de corte alimentados com diferentes fontes de óleo e vitamina E
500 ## - NOTA GERAL
Nota geral <br/>Publicação online; 30 ref.; 4 tables; Summaries (En, Pt)
942 ## - ADDED ENTRY ELEMENTS (KOHA)
Koha item type Analítica
520 ## - NOTA DE RESUMO
Nota de conteúdo <br/><br/><br/>RESUMO - A adição de óleos na dieta de frangos de corte proporciona muitas vantagens, visto que, dependendo do perfil de ácidos graxos, pode melhorar o desempenho e atuar como estimulante do sistema imune. Assim, este estudo teve como objetivo avaliar as características produtivas, o rendimento de carcaça, os cortes e a resposta imune humoral de frangos de corte alimentados com diferentes fontes de óleos e vitamina E. Foram utilizados 312 pintainhos de corte machos da linhagem Cobb com um dia de idade, distribuídos em delineamento inteiramente ao acaso, com oito repetições compostas de 13 aves por parcela experimental. Os tratamentos experimentais consistiram em óleo de soja, óleo de canola e óleo de canola mais adição de vitamina E. As variáveis analisadas foram ganho de peso, consumo de ração, conversão alimentar, rendimento de carcaça, cortes comerciais e resposta imune humoral. Os resultados obtidos mostram que houve diferença significativa no desempenho somente na fase pré-inicial, quando as aves que receberam o tratamento com óleo de canola e vitamina E apresentaram piores ganhos de peso. Não foram observadas diferenças significativas para as outras variáveis analisadas. Conclui-se que a utilização de diferentes fontes lipídicas associadas ou não à vitamina E não afeta as características produtivas de carcaça, cortes e resposta imune humoral em frangos de corte em relação ao uso de óleo de soja.<br/><br/><br/>Palavras-chave: aves, óleo de canola, óleo de soja, tocoferol
520 ## - NOTA DE RESUMO
Nota de conteúdo <br/><br/><br/>ABSTRACT - Oil inclusion in poultry diets provides many advantages and according to the fatty acid profile it is possible to achieve performance improvement as well as immune system stimulation. Thus, the study aimed to evaluate productive performance, carcass and cuts yields and also the humoral immune response of broilers consuming diets formulated with different oil sources and vitamin E. A total of 312 one-day old male Cobb was distributed, in a completely randomized design, in three treatments with eight replications of 13 birds. The experimental treatments were the diets that had different oil source as follows: soybean oil, canola oil and canola oils with vitamin E. The analyzed parameters were weight gain, feed intake, feed conversion ratio, carcass and cut yields and humoral immune response. For the treatment with canola oil and vitamin E a reduction on weight gain during the pre-starter stage was observed. For the other evaluated parameters, no significant differences were observed. In conclusion, the use of canola oil or canola oil with added vitamin E does not affect the productive performance, carcass and cut yields and humoral immune response in broiler chicken in relation soybean oil use.<br/><br/><br/>Keywords: poultry, canola oil, soybean oil, tocopherol
650 ## - ASSUNTO - THESAGRO
Cabeçalho tópico ou nome geográfico AVICULTURA
650 ## - ASSUNTO - THESAGRO
Cabeçalho tópico ou nome geográfico FRANGO DE CORTE
650 ## - ASSUNTO - THESAGRO
Cabeçalho tópico ou nome geográfico CRIAÇÃO
650 ## - ASSUNTO - THESAGRO
Cabeçalho tópico ou nome geográfico NUTRIÇÃO ANIMAL
650 ## - ASSUNTO - THESAGRO
Cabeçalho tópico ou nome geográfico ÓLEO VEGETAL
650 ## - ASSUNTO - THESAGRO
Cabeçalho tópico ou nome geográfico TOCOFEROL
650 ## - ASSUNTO - THESAGRO
Cabeçalho tópico ou nome geográfico PRODUÇÃO ANIMAL
773 0# - ENTRADA ANALÍTICA
Host Biblionumber 1643
Registro do item 349155
Imprenta Belo Horizonte-MG Universidade Federal de Minas Gerais - Escola de Veterinaria 1983
Outro identificador 2025-1673
Título Arquivo Brasileiro de Medicina Veterinária e Zootecnia (Brazil)
ISSN 0102-0935
Colação v. 69(2) p. 497-504; (2017)
Número de controle de registro BR2025000168
856 ## - ACESSO E ENDEREÇO ELETRÔNICO
Identificador uniforme de recurso - URI https://www.scielo.br/j/abmvz/a/gqWDhZSbf9NrhvTF9RLTmWw/?format=pdf&lang=pt

Nenhum exemplar disponível.

BINAGRI

Telefone: (61)3218-2567/2388/3357/2097 - binagri@agro.gov.br

Ministério da Agricultura e Pecuária , Esplanada dos Ministérios, Bloco D, Anexo B, Brasília/DF, CEP: 70.043-900